| 000 | 00491nam a2200169 i 4500 | ||
|---|---|---|---|
| 001 | 22420 | ||
| 003 | ES-MaACL | ||
| 005 | 20230906152707.0 | ||
| 007 | t| | ||
| 008 | 021202s1970 cl ||||1| spa d | ||
| 100 | 1 |
_aAldunate Phillips, Arturo. _919658 |
|
| 245 | 1 | 0 |
_aUniverso vivo / _cArturo Aldunate Phillips. |
| 250 | _a[1ª ed.]. | ||
| 260 |
_aSantiago de Chile, etc. : _bPomaire, _c[1970] |
||
| 300 |
_a319 p., 12 lám. col. : _bil. ; _c23 cm. |
||
| 852 |
_aES-MaACL _jC-38111 _bR.75316 |
||
| 999 |
_c22420 _d22420 |
||